000 00575nam a2200217Ia 4500
003 GCL
008 140319s9999 xx 000 0 eng d
040 _aGCL /
_cGCL
082 0 4 _a945.05
_bB I
100 1 _aCLOULAS, IVAN
245 1 0 _aL'ITALIE DE LA RENAISSACE: UN MONDE EN MUTATION 1378-1494 /
_cCLOULAS, IVAN
700 1 _aTENETI, ALBERTO
700 1 _aBEC, CHRISTIAN
700 1 _aIESAZ, BERTRAND
260 _a[S.N] :
_bFAYARD ،
_c1990
300 _a398 P
650 0 4 _aITALY
650 0 4 _aRENAISSANCE PERIOD
650 0 4 _aITALY - HISTORY
942 _2ddc
_cBK
999 _c24940
_d24940